[Event "FSFMB February"]
[Site "Budapest HUN"]
[Date "2012.02.08"]
[Round "5.1"]
[White "Czipp,J"]
[Black "Gruz,J"]
[Result "0-1"]
[WhiteElo "1422"]
[BlackElo "1865"]
[WhiteFideId "739294"]
[BlackFideId "703710"]
[EventDate "2012.02.04"]

1. d4 d5 2. c4 e6 3. Nf3 c6 4. Nc3 f5 5. Bf4 Nf6 6. e3 Bd6 7. Bxd6 Qxd6 8. Bd3
O-O 9. Ne5 Nbd7 10. f4 Qe7 11. h3 Ne4 12. Qf3 Qh4+ 13. Kf1 Nd2+ 0-1

[Event "FSFMB February"]
[Site "Budapest HUN"]
[Date "2012.02.08"]
[Round "5.2"]
[White "Kormos,Ladislav"]
[Black "Lukacs,Albert"]
[Result "0-1"]
[WhiteElo "1748"]
[BlackElo "1739"]
[WhiteFideId "14927322"]
[BlackFideId "767190"]
[EventDate "2012.02.04"]

1. e4 c5 2. Nc3 e6 3. f4 a6 4. a4 d6 5. Bc4 Be7 6. Nf3 g5 7. fxg5 Bxg5 8. Nxg5
Qxg5 9. O-O Qg7 10. Qf3 Nc6 11. Qf2 Nge7 12. Be2 h5 13. Nd1 Nd4 14. Ne3 d5 15.
exd5 exd5 16. Bd1 Be6 17. a5 O-O-O 18. c3 Ndc6 19. Bf3 Ne5 20. Be2 d4 21. cxd4
cxd4 22. Nd1 Bd5 23. d3 Rhg8 24. g3 h4 25. Bf4 N7g6 26. Rc1+ Bc6 27. Bxe5 Nxe5
28. Qf5+ Kb8 29. g4 Nxg4 30. Qxf7 Ne3+ 0-1

[Event "FSFMB February"]
[Site "Budapest HUN"]
[Date "2012.02.08"]
[Round "5.4"]
[White "Csetneki,M"]
[Black "Annageldiyev,Ashirgeldi"]
[Result "1/2-1/2"]
[WhiteElo "1775"]
[BlackElo "1816"]
[WhiteFideId "748498"]
[BlackFideId "14000342"]
[EventDate "2012.02.04"]

1. d4 Nf6 2. c4 d5 3. Nc3 c6 4. cxd5 Nxd5 5. Nf3 e6 6. e4 Nf6 7. h3 Be7 8. Be2
Nbd7 9. Be3 O-O 10. O-O b5 11. a3 Bb7 12. b4 a5 13. Qb3 Re8 14. e5 Nd5 15. Nxd5
exd5 16. Nh2 Nb6 17. f4 Nc4 18. f5 Qb6 19. Bxc4 bxc4 20. Qb2 axb4 21. axb4 Ba6
22. Rf3 Qxb4 23. Qf2 Bb5 24. Rc1 f6 25. g4 Ra3 26. g5 fxe5 27. f6 Rf8 28. fxe7
Qxe7 29. dxe5 Rfa8 30. Rf1 c3 31. Bc5 Qxg5+ 32. Ng4 h5 33. Rf8+ Rxf8 34. Qxf8+
Kh7 35. Bxa3 Bxf1 36. Qxf1 hxg4 37. Qg2 1/2-1/2

[Event "FSFMB February"]
[Site "Budapest HUN"]
[Date "2012.02.09"]
[Round "6.2"]
[White "Annageldiyev,Ashirgeldi"]
[Black "Somogyi,Akos"]
[Result "1-0"]
[WhiteElo "1816"]
[BlackElo "1272"]
[WhiteFideId "14000342"]
[BlackFideId "763330"]
[EventDate "2012.02.04"]

1. e4 e5 2. Nf3 Nc6 3. Bc4 Nf6 4. d3 d6 5. Ng5 d5 6. exd5 Nxd5 7. Nxf7 Kxf7 8.
Qf3+ Ke8 9. Bxd5 Qf6 10. O-O Qxf3 11. Bxf3 Bd7 12. Re1 Bd6 13. c3 Kf8 14. Nd2
Re8 15. Nc4 b6 16. b3 b5 17. Nxd6 cxd6 18. Ba3 Re6 19. d4 Ne7 20. Bg4 Rf6 21.
dxe5 dxe5 22. Bxd7 Kf7 23. Bxb5 Rf5 24. Rad1 Ng6 25. Rd7+ Kf6 26. Red1 e4 27. c4
Ne5 28. Bb2 Kg6 29. R1d6+ Kh5 30. Rxg7 Rhf8 31. h4 Rxf2 32. Be8+ Ng6 33. Rxh7+
Kg4 34. Rxg6+ Kf4 35. Kxf2 e3+ 36. Ke2 Rxe8 37. Rf7+ Ke4 38. Rg4# 1-0

[Event "FSFMB February"]
[Site "Budapest HUN"]
[Date "2012.02.09"]
[Round "6.3"]
[White "Mayer,I"]
[Black "Csetneki,M"]
[Result "1-0"]
[WhiteTitle "FM"]
[WhiteElo "2069"]
[BlackElo "1775"]
[WhiteFideId "700908"]
[BlackFideId "748498"]
[EventDate "2012.02.04"]

1. g3 d5 2. Bg2 c6 3. b3 Nf6 4. Bb2 g6 5. d3 Bg7 6. Nf3 O-O 7. Nbd2 Bd7 8. O-O
Qc8 9. c4 Bh3 10. e4 Bxg2 11. Kxg2 dxe4 12. dxe4 Rd8 13. Qe2 Nbd7 14. Rad1 Nc5
15. e5 Nh5 16. Nd4 Qd7 17. Ne4 Ne6 18. Nxe6 Qxe6 19. Nc5 Qc8 20. f4 b6 21. Rxd8+
Qxd8 22. Ne4 Bh6 23. f5 Qd7 24. e6 fxe6 25. fxg6 hxg6 26. Qg4 Kh7 27. Rf7+ Bg7
28. Bxg7 1-0

[Event "FSFMB February"]
[Site "Budapest HUN"]
[Date "2012.02.09"]
[Round "6.4"]
[White "Lukacs,Albert"]
[Black "Bohus,Adam"]
[Result "1/2-1/2"]
[WhiteElo "1739"]
[BlackElo "1693"]
[WhiteFideId "767190"]
[BlackFideId "759627"]
[EventDate "2012.02.04"]

1. e4 e5 2. Nc3 Nf6 3. Bc4 Nc6 4. a3 Bc5 5. d3 O-O 6. g4 d5 7. Nxd5 Nxg4 8. Be3
Nxe3 9. fxe3 Qh4+ 10. Kd2 Be6 11. b4 Bxd5 12. exd5 Qf2+ 13. Qe2 Bxe3+ 14. Kd1
Nd4 15. Qxf2 Bxf2 16. c3 Nf5 17. Ke2 Bb6 18. Re1 Rae8 19. Kd2 Nd6 20. Bb3 e4 21.
d4 a5 22. Ne2 axb4 23. axb4 c6 24. dxc6 bxc6 25. Ng3 g6 26. Ra1 Kg7 27. Ra6 Rb8
28. Ba4 Rfc8 29. h4 f5 30. Ke3 Nc4+ 31. Ke2 Bc7 32. Rg1 Bxg3 33. Rxg3 Nb6 34.
Ra7+ Kf6 35. Bb3 Nd5 36. Rxh7 Rh8 37. Rd7 Rhd8 38. Rxd8 Rxd8 1/2-1/2

[Event "FSFMB February"]
[Site "Budapest HUN"]
[Date "2012.02.10"]
[Round "7.3"]
[White "Csetneki,M"]
[Black "Lukacs,Albert"]
[Result "1/2-1/2"]
[WhiteElo "1775"]
[BlackElo "1739"]
[WhiteFideId "748498"]
[BlackFideId "767190"]
[EventDate "2012.02.04"]

1. d4 d5 2. c4 c6 3. cxd5 cxd5 4. Nf3 Nc6 5. Nc3 Nf6 6. Bf4 a6 7. Ne5 Qb6 8.
Nxc6 Qxc6 9. e3 e6 10. Rc1 Bd7 11. Nb5 Bb4+ 12. Nc3 Rc8 13. Bd3 Bd6 14. Bg3 Bxg3
15. hxg3 Qb6 16. Qd2 h6 17. O-O h5 18. Na4 Qd6 19. Nc5 Bc6 20. Qb4 Qe7 21. Qb6
Nd7 22. Nxd7 Kxd7 23. f4 f5 24. Qc5 Qxc5 25. Rxc5 b6 26. Rc3 Bb7 27. Rfc1 Rxc3
28. Rxc3 Rc8 29. Rxc8 Bxc8 30. Kh2 Ke7 31. Kh3 Kf6 32. Kh4 g6 33. a3 a5 34. a4
Bb7 1/2-1/2

[Event "FSFMB February"]
[Site "Budapest HUN"]
[Date "2012.02.10"]
[Round "7.4"]
[White "Somogyi,Akos"]
[Black "Mayer,I"]
[Result "0-1"]
[BlackTitle "FM"]
[WhiteElo "1272"]
[BlackElo "2069"]
[WhiteFideId "763330"]
[BlackFideId "700908"]
[EventDate "2012.02.04"]

1. e4 e6 2. d4 d5 3. exd5 exd5 4. Nf3 Nf6 5. Bf4 c5 6. Bb5+ Nc6 7. O-O Qb6 8.
Bxc6+ bxc6 9. b3 Ne4 10. Re1 Bg4 11. Nbd2 f5 12. h3 Bh5 13. dxc5 Bxc5 14. Be3
O-O 15. Bxc5 Qxc5 16. Re3 Nxf2 17. Qe1 Ne4 18. Nxe4 dxe4 19. Qc3 Qxc3 20. Rxc3
exf3 21. Rxc6 fxg2 22. Kxg2 Rad8 23. Rf1 f4 24. Rc3 Be2 25. Re1 Rd2 26. Kf2 Bd1+
27. Kf1 Bxc2 28. Re2 Bd3 29. Rxd3 Rxd3 30. Kg2 f3+ 0-1

[Event "FSFMB February"]
[Site "Budapest HUN"]
[Date "2012.02.11"]
[Round "8.1"]
[White "Gruz,J"]
[Black "Annageldiyev,Ashirgeldi"]
[Result "0-1"]
[WhiteElo "1865"]
[BlackElo "1816"]
[WhiteFideId "703710"]
[BlackFideId "14000342"]
[EventDate "2012.02.04"]

1. Nf3 c5 2. e4 d6 3. d4 cxd4 4. Nxd4 Nf6 5. Nc3 a6 6. h3 e6 7. g4 Be7 8. Bg2
Nc6 9. Nde2 Qc7 10. Ng3 g6 11. O-O O-O 12. Nce2 e5 13. g5 Ne8 14. f4 exf4 15.
Nxf4 Ng7 16. Nd5 Qd8 17. Nf6+ Kh8 18. b3 Be6 19. Bb2 Ne5 20. Rf4 Ne8 21. Qf1 h6
22. h4 hxg5 23. hxg5 Kg7 24. Rd1 Qc7 25. Nf5+ Bxf5 26. exf5 Nxf6 27. gxf6+ Bxf6
28. Qf2 Rac8 29. c4 g5 30. Rfd4 Rcd8 31. Bc1 Rh8 32. Qg3 Qe7 33. Re4 g4 34. Bf4
Kf8 35. Rd5 Bh4 36. Bxe5 Bxg3 37. Bg7+ Kxg7 38. Rxe7 Rhe8 39. Rxe8 Rxe8 40. Rd1
b6 41. Bd5 Kf6 42. Kg2 Bh4 43. Kf1 Re5 44. Bb7 Rxf5+ 45. Kg1 Bf2+ 46. Kg2 Bc5
47. Bxa6 Kg5 48. Bc8 Re5 49. Rb1 Re2+ 50. Kg3 f5 51. Rf1 f4+ 0-1

[Event "FSFMB February"]
[Site "Budapest HUN"]
[Date "2012.02.11"]
[Round "8.3"]
[White "Lukacs,Albert"]
[Black "Somogyi,Akos"]
[Result "1-0"]
[WhiteElo "1739"]
[BlackElo "1272"]
[WhiteFideId "767190"]
[BlackFideId "763330"]
[EventDate "2012.02.04"]

1. e4 e5 2. Nc3 Nf6 3. f4 Nc6 4. fxe5 Nxe5 5. d4 Ng6 6. Nf3 Bb4 7. Bd3 O-O 8.
O-O Bxc3 9. bxc3 d6 10. h3 c5 11. Bg5 Qb6 12. Rb1 Qa5 13. Bxf6 gxf6 14. Qe1 Qxa2
15. Nh2 c4 16. Ra1 Qb2 17. Bxc4 Be6 18. Rb1 Qxc2 19. Rf2 Qa4 20. Bb5 Qa5 21. d5
a6 22. dxe6 axb5 23. e7 Rfe8 24. Ng4 Kg7 25. Qe3 Kh8 26. Qf3 Rxe7 27. Qxf6+ Kg8
28. Nh6+ Kf8 29. Nxf7 Qc7 30. Nh6+ Ke8 31. Nf5 Rd7 32. Qe6+ Kd8 33. Qg8+ 1-0

[Event "FSFMB February"]
[Site "Budapest HUN"]
[Date "2012.02.11"]
[Round "8.4"]
[White "Czipp,J"]
[Black "Csetneki,M"]
[Result "0-1"]
[WhiteElo "1422"]
[BlackElo "1775"]
[WhiteFideId "739294"]
[BlackFideId "748498"]
[EventDate "2012.02.04"]

1. d4 d5 2. c4 c6 3. g3 Nf6 4. Nc3 Bf5 5. cxd5 cxd5 6. Bg2 e6 7. Nf3 Nc6 8. O-O
Bd6 9. a3 O-O 10. Nh4 Bg6 11. Nxg6 hxg6 12. Bg5 Rc8 13. Rc1 Qb6 14. Bxf6 gxf6
15. e4 dxe4 16. Nxe4 Nxd4 17. Rxc8 Rxc8 18. Qd2 Kg7 19. Nxd6 Qxd6 20. Kh1 Rc2
21. Qe3 Rxb2 22. Rd1 e5 23. h4 Qa6 24. h5 Nf5 25. Qf3 Qb6 26. Rf1 e4 27. Qf4 e3
28. Kg1 exf2+ 29. Kh1 Rb1 0-1

[Event "4th Coral Colon IM"]
[Site "Sabadell ESP"]
[Date "2012.02.10"]
[Round "1"]
[White "Ryan,Jo"]
[Black "Rojas Keim,L"]
[Result "1/2-1/2"]
[WhiteTitle "FM"]
[BlackTitle "IM"]
[WhiteElo "2289"]
[BlackElo "2418"]
[WhiteFideId "2500426"]
[BlackFideId "3400646"]
[EventDate "2012.02.10"]

1. Nf3 Nf6 2. g3 d6 3. d4 Bg4 4. Bg2 c6 5. c4 Nbd7 6. O-O e5 7. Nc3 Be7 8. Qd3
O-O 9. b3 Re8 10. h3 Bh5 11. e4 a6 12. Be3 b5 13. d5 bxc4 14. bxc4 cxd5 15. cxd5
Qa5 16. Nd2 Rec8 17. Rfc1 Nc5 18. Bxc5 Qxc5 19. Bf3 Bxf3 20. Qxf3 Qa5 21. Qd3
Nd7 22. Nb3 Qa3 23. Ne2 Bg5 24. Rc6 h5 25. h4 Bh6 26. Qc3 Rxc6 27. Qxc6 Ra7 28.
Qc2 Kh7 29. Kg2 Nf6 30. Ng1 Qb4 31. f3 a5 32. Nh3 a4 33. Nc1 Qa5 34. Nd3 Rc7 35.
Qe2 Qc3 36. Rb1 Qc2 37. Rb2 Qxe2+ 38. Rxe2 Rc3 39. Nb4 Rc4 40. Nd3 Nd7 41. Nhf2
a3 42. Ne1 Nc5 43. Rc2 Rd4 44. Kf1 f5 45. exf5 Rxd5 46. Ke2 Rd4 47. Ned3 Nxd3
48. Nxd3 e4 49. Nf4 Bxf4 50. gxf4 exf3+ 51. Kxf3 Rd3+ 52. Ke4 Rh3 53. Rc7 Kh6
54. Rc6 Rh2 55. Rxd6+ Kh7 56. Rd7 Kg8 57. f6 gxf6 58. Kf5 Rxa2 59. Ra7 Rh2 60.
Rxa3 Rxh4 61. Kxf6 Rxf4+ 62. Kg5 1/2-1/2

[Event "4th Coral Colon IM"]
[Site "Sabadell ESP"]
[Date "2012.02.10"]
[Round "1"]
[White "Tallo Dominguez,I"]
[Black "Gonzalez,RO"]
[Result "1-0"]
[BlackTitle "FM"]
[WhiteElo "2170"]
[BlackElo "2231"]
[WhiteFideId "2283743"]
[BlackFideId "2266571"]
[EventDate "2012.02.10"]

1. e4 b6 2. d4 Bb7 3. Nc3 g6 4. Nf3 Bg7 5. Bc4 a6 6. a4 e6 7. Bg5 f6 8. Bh4 d5
9. exd5 exd5 10. Qe2+ Ne7 11. Bb3 c6 12. O-O Bc8 13. Rfe1 Ra7 14. Bg3 Bg4 15. h3
Bxf3 16. gxf3 O-O 17. Qe6+ Rf7 18. Ne4 Qd7 19. Qxd7 Nxd7 20. Nd6 Nf5 21. Nxf7
Kxf7 22. Rad1 Nf8 23. c4 Rd7 24. cxd5 cxd5 25. Bc2 Ne6 26. Bxf5 gxf5 27. Bb8 Rb7
28. Bd6 Rd7 29. Bb4 Bh6 30. a5 bxa5 31. Bxa5 Bf4 32. Bc3 Bb8 33. Ra1 Nf4 34. h4
Ng6 35. h5 Nh4 36. Re3 Bf4 37. Rd3 Rd8 38. Rxa6 Rg8+ 39. Kf1 Rg2 40. Ra7+ Kg8
41. Bd2 Bxd2 42. Rxd2 Rh2 43. Rc2 1-0

[Event "76th ch-BUL SF 2012"]
[Site "Plovdiv BUL"]
[Date "2012.02.06"]
[Round "1"]
[White "Mogilarov,D"]
[Black "Janev,E"]
[Result "1/2-1/2"]
[BlackTitle "GM"]
[WhiteElo "2189"]
[BlackElo "2503"]
[WhiteFideId "2905248"]
[BlackFideId "2900360"]
[EventDate "2012.02.06"]

1. e4 Nf6 2. Nc3 e5 3. f4 d5 4. fxe5 Nxe4 5. Nf3 Be6 6. a3 Nxc3 7. bxc3 Be7 8.
d4 c5 9. Bd3 Nc6 10. O-O h6 11. Rb1 c4 12. Be2 Qd7 13. Qe1 O-O-O 14. Bf4 Kb8 15.
Bg3 Ka8 16. Qf2 g5 17. h4 Rdg8 18. Nd2 Bd8 19. Bf3 g4 20. Be2 Ne7 21. Bf4 Ba5
22. Rfd1 Bxc3 23. Nf1 Qa4 24. Qe3 Ba5 25. Qc1 Nf5 26. Qb2 Bb6 27. c3 Nxh4 28.
Ne3 Nf5 29. Rd2 Nxe3 30. Bxe3 h5 31. Bd1 Qa6 32. Bc2 h4 33. Rf2 g3 34. Rf3 h3
35. Bf4 hxg2 36. Bxg3 Rh1+ 37. Kxg2 Rxb1 38. Qxb1 Qxa3 39. Kf2 Bg4 40. Re3 Bd8
41. Bf4 Bh4+ 42. Kf1 Qa6 43. Bf5 Bxf5 44. Qxf5 Qa2 45. Bg3 Bxg3 46. Rxg3 Qa1+
47. Ke2 Qb2+ 48. Kd1 Rh8 49. Qh7 Rb8 50. Qxf7 Qb5 51. Rg8 a5 52. Rxb8+ Kxb8 53.
e6 Qb1+ 54. Ke2 Qc2+ 55. Kf1 Qd1+ 56. Kf2 Qd2+ 57. Kf1 Qd1+ 58. Kf2 1/2-1/2

[Event "76th ch-BUL SF 2012"]
[Site "Plovdiv BUL"]
[Date "2012.02.06"]
[Round "1"]
[White "Arnaudov,G"]
[Black "Yordanova,S"]
[Result "0-1"]
[WhiteTitle "IM"]
[BlackTitle "WIM"]
[WhiteElo "2473"]
[BlackElo "2143"]
[WhiteFideId "2907127"]
[BlackFideId "2905108"]
[EventDate "2012.02.06"]

1. Nf3 d6 2. d4 Bg4 3. c4 Nd7 4. Nc3 e5 5. h3 Bxf3 6. exf3 Ngf6 7. Be2 Be7 8.
O-O O-O 9. f4 exd4 10. Qxd4 c6 11. Be3 a5 12. Bf3 Nc5 13. b3 Qc7 14. Rab1 Rfe8
15. a3 Bf8 16. Rfe1 Ne6 17. Qd2 g6 18. g4 Nc5 19. Qc2 Nfd7 20. b4 axb4 21. axb4
Na6 22. Ne4 d5 23. cxd5 Nxb4 24. Rxb4 Bxb4 25. Rb1 Be7 26. Qd3 Ra3 27. Qc4 Rc8
28. d6 Bxd6 29. Rxb7 Qxb7 30. Nxd6 Qb1+ 31. Kg2 Rf8 32. Bxc6 Ra1 33. Kg3 Nf6 34.
Qd4 Qg1+ 35. Bg2 Nd7 36. Ne4 Rd1 37. Nd2 Re8 38. g5 Qe1 39. Nf3 Rxd4 40. Nxe1
Rd1 41. Nc2 Rd3 42. Kf3 Rc3 43. Nb4 Nb6 44. Kg4 Rcxe3 45. fxe3 Rxe3 46. h4 h5+
47. gxh6 f5+ 0-1

[Event "76th ch-BUL SF 2012"]
[Site "Plovdiv BUL"]
[Date "2012.02.06"]
[Round "1"]
[White "Arnaudov,P"]
[Black "Genov,Peta"]
[Result "1/2-1/2"]
[BlackTitle "GM"]
[WhiteElo "2121"]
[BlackElo "2463"]
[WhiteFideId "2901706"]
[BlackFideId "2900211"]
[EventDate "2012.02.06"]

1. e4 c5 2. Nc3 e6 3. g3 a6 4. Bg2 Nc6 5. d3 Nge7 6. Be3 Nd4 7. Nce2 Nec6 8. c3
Nxe2 9. Nxe2 Be7 10. O-O d6 11. h3 O-O 12. Kh2 b5 13. f4 Bb7 14. Qd2 Qd7 15. h4
f5 16. Ng1 h6 17. Rae1 Rae8 18. Nf3 Bf6 19. exf5 exf5 20. Bg1 Qf7 21. Rxe8 Rxe8
22. Re1 Rxe1 23. Qxe1 Kf8 24. b3 Qd7 25. d4 cxd4 26. cxd4 Ne7 27. Ne5 Qc7 28. h5
Qc2 29. Bf2 Bxg2 30. Kxg2 Nd5 31. Ng6+ Kf7 32. Nh8+ Kf8 33. Ng6+ Kf7 34. Nh8+ 1/2-1/2

[Event "76th ch-BUL SF 2012"]
[Site "Plovdiv BUL"]
[Date "2012.02.06"]
[Round "1"]
[White "Milchev,N"]
[Black "Janchev,P"]
[Result "1-0"]
[WhiteTitle "IM"]
[WhiteElo "2434"]
[BlackElo "2118"]
[WhiteFideId "2906090"]
[BlackFideId "2903016"]
[EventDate "2012.02.06"]

1. c4 d6 2. g3 Nf6 3. Bg2 e5 4. Nc3 Be7 5. Nf3 c6 6. O-O O-O 7. d3 Re8 8. e4 Bf8
9. h3 d5 10. exd5 cxd5 11. Bg5 d4 12. Nd5 Nc6 13. Nd2 h6 14. Nxf6+ gxf6 15. Bh4
Be7 16. Qh5 f5 17. Bd5 Be6 18. Bxe6 fxe6 19. Qg6+ Kf8 20. Qxh6+ Kf7 21. Qh7+ Kf8
22. Nf3 Bf6 23. Qh6+ Kf7 24. Qh7+ Kf8 25. c5 Rc8 26. Qh6+ Kf7 27. Qh7+ Kf8 28.
Rfe1 Qe7 29. Qh6+ Kf7 30. Qh7+ Kf8 31. Qg6 Bxh4 32. gxh4 Qg7 33. Qxg7+ Kxg7 34.
Nxe5 Nxe5 35. Rxe5 Kf6 36. Rae1 Re7 37. f4 Rh8 38. Kh2 Rxh4 39. Kg3 Rh8 40. b4
Rg8+ 41. Kh2 a6 42. a3 Rh8 43. R5e2 Rh6 44. a4 Kf7 45. Rc1 Kf6 46. Rf2 Reh7 47.
Rf3 Rc7 48. Rc4 e5 49. fxe5+ Kxe5 50. Rc2 a5 51. b5 Rh5 52. Rg3 Kd5 53. Rg8 Rch7
54. Rd8+ Ke5 55. Re2+ Kf4 56. Kg2 Rg7+ 57. Kf2 Rxh3 58. Rxd4+ Kg5 59. c6 bxc6
60. bxc6 Rc7 61. Rd6 Kf4 62. Ke1 Rh1+ 63. Kd2 Ra1 64. Rd4+ Kg3 65. Re3+ Kg2 66.
Re6 Rb1 67. Rd7 Rc8 68. c7 Rb7 69. Rc6 f4 70. Rg7+ Kf3 71. Rf7 Rb4 72. Rd7 Rb2+
73. Kc3 Rb7 74. Rc4 Ke3 75. Re7+ Kf3 76. d4 Kg3 77. Rg7+ Kf2 78. d5 Rb6 79. Rd7
Rf6 80. Rd8 Rxc7 81. Rxc7 f3 82. Kd3 1-0

[Event "76th ch-BUL SF 2012"]
[Site "Plovdiv BUL"]
[Date "2012.02.06"]
[Round "1"]
[White "Ninov,D"]
[Black "Enchev,I"]
[Result "0-1"]
[BlackTitle "IM"]
[WhiteElo "2117"]
[BlackElo "2430"]
[WhiteFideId "2911060"]
[BlackFideId "2907712"]
[EventDate "2012.02.06"]

1. c4 c5 2. Nf3 b6 3. g3 Bb7 4. Bg2 g6 5. O-O Bg7 6. Nc3 Nc6 7. a3 Nh6 8. d3 Nf5
9. Rb1 d6 10. Bd2 h5 11. h3 Qd7 12. e4 Nfd4 13. Nxd4 Nxd4 14. Ne2 h4 15. g4 f5
16. Nxd4 Bxd4 17. Qe2 fxg4 18. Qxg4 Qxg4 19. hxg4 h3 20. Bf3 Kd7 21. Be3 h2+ 22.
Kg2 Bxe3 23. fxe3 Rh4 24. Rh1 Rah8 25. b4 Kc7 26. d4 e5 27. dxe5 dxe5 28. Rbd1
R8h7 29. bxc5 bxc5 30. Rd2 g5 31. Kg3 Rh3+ 32. Kg2 Bc6 33. Rdd1 R7h6 34. Rd2
R3h4 35. Kg3 Rh8 36. Rdd1 Rb8 37. Rb1 Rxb1 38. Rxb1 Bd7 39. Rh1 Be6 40. Kf2 Kb6
41. Be2 Ka5 42. Bf3 Bxc4 43. Rd1 Bb3 44. Rc1 c4 0-1

[Event "76th ch-BUL SF 2012"]
[Site "Plovdiv BUL"]
[Date "2012.02.06"]
[Round "1"]
[White "Ljangov,P"]
[Black "Nikolov,Sas"]
[Result "0-1"]
[BlackTitle "IM"]
[WhiteElo "2101"]
[BlackElo "2407"]
[WhiteFideId "2901277"]
[BlackFideId "2900297"]
[EventDate "2012.02.06"]

1. c4 b6 2. Nf3 Bb7 3. e3 e6 4. Nc3 Nf6 5. d4 Bb4 6. Bd2 O-O 7. Be2 d6 8. O-O
Nbd7 9. a3 Bxc3 10. Bxc3 Ne4 11. Rc1 f5 12. b3 Rf6 13. Nd2 Rh6 14. Nxe4 Qh4 15.
h3 Bxe4 16. f3 Bb7 17. Kh1 Rf8 18. Qe1 Qg5 19. Bd2 Nf6 20. e4 f4 21. Qd1 Nh5 22.
Be1 Rff6 23. Rg1 Rfg6 24. Bf2 Ng3+ 25. Kh2 Qh5 26. Bf1 Rg5 27. b4 Rhg6 28. b5 h6
29. c5 bxc5 30. dxc5 d5 31. exd5 Nxf1+ 32. Qxf1 Bxd5 33. Rc3 e5 34. g4 fxg3+ 35.
Rxg3 Rxg3 36. Bxg3 Rxg3 37. Kxg3 Qg5+ 38. Kf2 Qd2+ 39. Qe2 Qxc3 40. Qe3 Qxe3+
41. Kxe3 g5 42. a4 Kf7 0-1

[Event "76th ch-BUL SF 2012"]
[Site "Plovdiv BUL"]
[Date "2012.02.06"]
[Round "1"]
[White "Pantev,V"]
[Black "Dimitrov,De"]
[Result "1-0"]
[WhiteTitle "FM"]
[WhiteElo "2389"]
[BlackElo "2104"]
[WhiteFideId "2901390"]
[BlackFideId "2911000"]
[EventDate "2012.02.06"]

1. d4 e6 2. g3 c5 3. Nf3 Nf6 4. Bg2 cxd4 5. Nxd4 a6 6. O-O Be7 7. c4 O-O 8. b3
Qc7 9. Bb2 d6 10. Nc3 Nbd7 11. Rc1 Rb8 12. e3 Re8 13. Qe2 Bf8 14. Rfd1 Ne5 15.
h3 b6 16. Rc2 Bb7 17. f4 Ned7 18. Bxb7 Qxb7 19. Qg2 Rec8 20. g4 Nc5 21. Qxb7
Rxb7 22. g5 Nfe4 23. Nxe4 Nxe4 24. Kg2 Rbc7 25. Kf3 Nc5 26. h4 Nd7 27. Rcd2 Be7
28. h5 Nc5 29. Ba3 Bf8 30. g6 d5 31. cxd5 exd5 32. gxf7+ Kxf7 33. Bxc5 bxc5 34.
Ne2 c4 35. bxc4 dxc4 36. Rc2 Rc5 37. Ng3 R8c7 38. e4 Ra5 39. Rd4 c3 40. e5 Rb5
41. Ne4 Rb2 42. Rxc3 Rxc3+ 43. Nxc3 Rh2 44. Rd7+ Ke6 45. Rc7 Rxh5 46. Ke4 g6 47.
Ne2 Be7 48. Nd4+ Kf7 49. Nc6 Rh2 50. Rxe7+ Kf8 51. Ra7 Rxa2 52. e6 Re2+ 53. Kd4
h5 54. Ra8+ Kg7 55. e7 Kf7 56. Rf8+ 1-0

[Event "76th ch-BUL SF 2012"]
[Site "Plovdiv BUL"]
[Date "2012.02.06"]
[Round "1"]
[White "Marholev,D"]
[Black "Nikolov,J"]
[Result "1-0"]
[WhiteTitle "IM"]
[WhiteElo "2370"]
[BlackElo "2097"]
[WhiteFideId "2901340"]
[BlackFideId "2906112"]
[EventDate "2012.02.06"]

1. e4 e5 2. Nf3 Nc6 3. Bb5 f5 4. Bxc6 bxc6 5. Qe2 Nf6 6. exf5 e4 7. d3 Ba6 8.
Ng5 d5 9. f3 Bb4+ 10. Bd2 Bxd2+ 11. Nxd2 Nh5 12. Ne6 exd3 13. Qe5 Qh4+ 14. g3
Qb4 15. Nxc7+ Kd8 16. Nxa6 Qb6 17. Qd6+ Kc8 18. Nc5 Re8+ 19. Kd1 Rd8 20. Qe6+
Kc7 21. Qf7+ 1-0

[Event "76th ch-BUL SF 2012"]
[Site "Plovdiv BUL"]
[Date "2012.02.06"]
[Round "1"]
[White "Ruschukov,Boyan"]
[Black "Vutov,M"]
[Result "1/2-1/2"]
[WhiteElo "1993"]
[BlackElo "2352"]
[WhiteFideId "2911795"]
[BlackFideId "2903431"]
[EventDate "2012.02.06"]

1. d4 c5 2. d5 e5 3. e4 d6 4. f4 exf4 5. Nf3 Ne7 6. Bxf4 Ng6 7. Bg3 Be7 8. Qd2
O-O 9. Nc3 a6 10. a4 Bf6 11. Bd3 Qe7 12. O-O Nd7 13. Rae1 Nde5 14. Nd1 Nxf3+ 15.
Rxf3 Bg4 16. Rff1 Bxd1 17. Rxd1 Be5 18. Rf3 b5 19. axb5 axb5 20. Bxb5 Rab8 21.
c4 Bxg3 22. Rxg3 Qxe4 23. Re1 Qh4 24. b4 cxb4 25. Qxb4 Qd4+ 26. Kh1 Ne5 27. Qxd6
Nd3 28. Rxd3 Qxd3 29. Qe5 f5 30. Qe3 Qxe3 31. Rxe3 Rfd8 32. h3 Rxd5 33. cxd5
Rxb5 34. Re5 g6 35. g4 Kf7 36. gxf5 Kf6 37. Re6+ Kxf5 38. Re7 h5 39. Rf7+ Kg5
40. d6 Rd5 41. d7 Rd2 42. Kg1 Kh4 43. Rg7 Kxh3 44. Rxg6 Rxd7 45. Kf2 h4 46. Rg8
Rd2+ 47. Kg1 Rd1+ 48. Kf2 Ra1 49. Rg1 Ra2+ 50. Kf3 Kh2 51. Rg8 h3 52. Rg7 Rg2
53. Ra7 Kh1 54. Ra1+ Rg1 55. Ra2 h2 56. Rb2 Ra1 1/2-1/2

[Event "76th ch-BUL SF 2012"]
[Site "Plovdiv BUL"]
[Date "2012.02.06"]
[Round "1"]
[White "Dobrev,Nay"]
[Black "Pantev,T"]
[Result "1-0"]
[WhiteElo "2256"]
[BlackElo "1863"]
[WhiteFideId "2902419"]
[BlackFideId "2911310"]
[EventDate "2012.02.06"]

1. d4 e6 2. c4 Nf6 3. Nf3 Bb4+ 4. Bd2 c5 5. Nc3 cxd4 6. Nxd4 b6 7. f3 Be7 8. e4
d6 9. Be2 O-O 10. O-O Bb7 11. Kh1 a6 12. Be3 Qc7 13. Qd2 Nbd7 14. a4 Ne5 15.
Rfc1 Rac8 16. a5 bxa5 17. Nb3 Qb8 18. Nxa5 Ba8 19. Na4 Nfd7 20. b4 d5 21. Rab1
dxe4 22. f4 Nd3 23. Bxd3 exd3 24. Qxd3 Rfd8 25. Qe2 Bd6 26. Rf1 Bc7 27. Qf2 Nf6
28. Ba7 Ng4 29. Qg1 Bxf4 30. Bxb8 Be3 31. Bf4 Bxg1 32. h3 1-0

[Event "76th ch-BUL SF 2012"]
[Site "Plovdiv BUL"]
[Date "2012.02.06"]
[Round "1"]
[White "Kolev,H"]
[Black "Janachkov,A"]
[Result "0-1"]
[WhiteElo "1798"]
[BlackElo "2212"]
[WhiteFideId "2903849"]
[BlackFideId "2901145"]
[EventDate "2012.02.06"]

1. e4 e5 2. Nf3 Nc6 3. Bc4 Nf6 4. d4 exd4 5. O-O Nxe4 6. Re1 d5 7. Bxd5 Qxd5 8.
Nc3 Qa5 9. Nxe4 Be6 10. Bg5 h6 11. Bh4 g5 12. Nf6+ Ke7 13. Bg3 Kxf6 14. Nxd4 Bd6
15. b4 Qd5 16. c3 Nxd4 17. cxd4 Bxg3 18. fxg3 Rad8 0-1